Lletra de Camals Mullats, la Gossa Sorda - Estadísticas

Estadísticas generales
  • Esta prueba ha sido intentada 38 veces
    37 desde el último reinicio
  • La puntuación promedio es 393 de 499
Estadísticas de respuestas
Resposta % Correcto
a
100%
A
100%
amb
100%
Camals
100%
camals
100%
carrer
100%
Pont Carrer
100%
de
100%
el
100%
El
100%
és
100%
i
100%
Tornada | Tornada (x2) I
100%
la
100%
La
100%
mullats
100%
Mullats
100%
no
100%
Pont No
100%
Estrofa 2 Pel
100%
per
100%
que
100%
se
100%
si
100%
100%
un
100%
banyada
95%
carrers
95%
Estrofa 1 | Final Cinc
95%
del
95%
els
95%
en
95%
En
95%
esperava
95%
Glorieta
95%
Ja
95%
matinada
95%
militar
95%
Pau
95%
sap
95%
semàfor
95%
terra
95%
València
95%
Vella
95%
vella
95%
Vella...
95%
al
89%
barri
89%
Ciutat
89%
ciutat
89%
darrere
89%
ens
89%
govern
89%
jo
89%
Jo
89%
jutjats
89%
les
89%
mal
89%
metralleta
89%
mira
89%
molt
89%
o
89%
passa
89%
pels
89%
porta
89%
saps
89%
t'estim
89%
T'estime
89%
t'estimo
89%
tio
89%
tu
89%
una
89%
acabàrem
84%
davant
84%
dreta
84%
Frenada
84%
ha
84%
Hi
84%
hi
84%
Lluna
84%
ment
84%
nit
84%
rebombori
84%
sec
84%
somriu
84%
són
84%
bicicleta
79%
Cavallers
79%
des
79%
dos
79%
fregant-te
79%
galtes
79%
l'esquena
79%
on
79%
parets
79%
sent
79%
sol
79%
altra
74%
cara
74%
d'una
74%
Estellés
74%
estem
74%
et
74%
everybody
74%
fins
74%
mentida
74%
món
74%
música
74%
nostres
74%
obrirem
74%
pols
74%
sàtira
74%
tinc
74%
together
74%
bese
68%
cada
68%
cap
68%
come
68%
dalt
68%
evidenciant
68%
forces
68%
Pont He
68%
l'altra
68%
L'altra
68%
mètrica
68%
metro
68%
nom
68%
plata
68%
presó
68%
qui
68%
sols
68%
somrius
68%
aixeco
63%
Barna
63%
colors
63%
fet
63%
hem
63%
l'espurna
63%
l'Espurna
63%
li
63%
només
63%
nostra
63%
Parterre
63%
perquè
63%
recorríem
63%
Sants
63%
silencis
63%
teus
63%
unim
63%
veig
63%
barrots
58%
Cabanyal
58%
cases
58%
dels
58%
distància
58%
experiència
58%
fan
58%
ferro
58%
Estrofa 5 Murs
58%
Estrofa 3 Poetes
58%
potents
58%
seu
58%
sóc
58%
Spray
58%
veïnes
58%
balcons
53%
Basset
53%
caiguen
53%
carbó
53%
ciments
53%
credencials
53%
desitjos
53%
esperen
53%
Estrofa 4 Finestres
53%
Joventut
53%
l'equilibri
53%
línies
53%
metròpoli
53%
mossos
53%
parlen
53%
Porten
53%
referents
53%
veïns
53%
xarxa
53%
això
47%
bon
47%
deportades
47%
fem
47%
Gossa
47%
guardava
47%
matar
47%
obert
47%
observa
47%
punta
47%
retrobat
47%
Sorda
47%
Sound
47%
algú
42%
Benet
42%
Blanquita
42%
cadascú
42%
canviar
42%
city
42%
dit
42%
entorn
42%
igual
42%
molts
42%
observador
42%
pacient
42%
Però
42%
pobres
42%
portons
42%
seves
42%
totes
42%
diferència
37%
dinamitant
37%
l'olor
37%
ments
37%
mort
37%
surti
37%
tanta
37%
d'afinitats
32%
FAI
32%
Pirats
32%
reiteraré
32%
Sistema
32%
exemples
26%
podrit
26%
sentit
26%
seus
26%
violència
26%
l'aire
21%
salobre
21%
sota
21%
traició
21%
Heu
16%
pals
16%
parem
16%
barreja
11%
bellesa
11%
morta
11%
No se encontraron pruebas coincidentes
Distribución de puntuación
Porcentaje de gente con cada puntuación
Porcentaje por número respondido
Historial de tus puntuaciones
No has intentado esta prueba desde el último reinicio